Leeds United Current Squad - Statistics

General Stats
  • This quiz has been taken 17 times
    7 since last reset
  • The average score is 21 of 27
Answer Stats
Hint Answer % Correct
Daniel Farke
100%
9 Dominic Calvert-Lewin
100%
4 Ethan Ampadu
100%
15 Jaka Bijol
100%
26 Karl Darlow
100%
1 Lucas Perri
100%
19 Noah Okafor
100%
8 Sean Longstaff
100%
18 Anton Stach
75%
22 Ao Tanaka
75%
11 Brenden Aaronson
75%
7 Daniel James
75%
3 Gabriel Gudmundsson
75%
16 Illan Meslier
75%
24 James Justin
75%
2 Jayden Bogle
75%
10 Joël Piroe
75%
6 Joe Rodon
75%
14 Lucas Nmecha
75%
5 Pascal Struijk
75%
23 Sebastiaan Bornauw
75%
29 Wilfried Gnonto
75%
21 Alex Cairns
50%
40 Facundo Buonanotte
50%
44 Ilia Gruev
50%
25 Sam Byram
50%
42 Sam Chambers
0%
No matching quizzes found
Score Distribution
Percent of People with Each Score
Percentile by Number Answered
Your Score History
You have not taken this quiz since the last reset